000
00359nam a2200133Ia 4500
008
151001s9999||||xx |||||||||||||| ||und||
100
_a
प्रभाकर वैद्य
245
_a
बाळमुठ
250
_a
1
260
_b
शलाका प्रकाशन मुंबई
260
_c
1988
300
_a
206
365
_b
21
999
_c
968006
_d
968003